<The> impact of the global economic crisis on the economy of the Slovak Republic with regard to labor market
Vývoj nezamestnanosti na Slovensku spôsobený globálnou ekonomickou krízou. Porovnanie miery nezamestnanosti s ostatnými krajinami Európskej únie. Opatrenia prijaté slovenskou vládou. Prognóza miery nezamestnanosti na nasledujúcu dekádu.
Uložené v:
| Hlavný autor: | |
|---|---|
| Ďalší autori: | |
| Médium: | Kapitola |
| Jazyk: | English |
| Predmet: | |
| Tagy: |
Žiadne tagy, Buďte prvý, kto otaguje tento záznam!
|
MARC
| LEADER | 00000nla$a2200000$$$4500 | ||
|---|---|---|---|
| 001 | 0142489 | ||
| 005 | 20240502072544.0 | ||
| 041 | 0 | |a eng | |
| 044 | |a SK | ||
| 245 | 1 | 0 | |a <The> impact of the global economic crisis on the economy of the Slovak Republic with regard to labor market |c Miriama Vašková, Ľubomír Billý |
| 520 | |a Vývoj nezamestnanosti na Slovensku spôsobený globálnou ekonomickou krízou. Porovnanie miery nezamestnanosti s ostatnými krajinami Európskej únie. Opatrenia prijaté slovenskou vládou. Prognóza miery nezamestnanosti na nasledujúcu dekádu. | ||
| 610 | 2 | 0 | |a nezamestnanosť |
| 610 | 2 | 0 | |a miera nezamestnanosti |
| 610 | 2 | 0 | |a trh práce |
| 610 | 2 | 0 | |a kríza hospodárska |
| 610 | 2 | 0 | |a recesia |
| 610 | 2 | 0 | |a Slovensko |
| 610 | 2 | 0 | |a Európska únia |
| 100 | 1 | |a Vašková, Miriama | |
| 700 | 1 | |a Billý, Ľubomír | |